| 000 -CABECERA |
| Longitud fija campo de control |
00668nam a22002057a 4500 |
| 003 - IDENTIFICADOR DEL NÚMERO DE CONTROL |
| Identificador del número de control |
OSt |
| 005 - FECHA Y HORA DE LA ÚLTIMA TRANSACCIÓN |
| Fecha y hora de la última transacción |
20170718171537.0 |
| 008 - CÓDIGOS DE INFORMACIÓN DE LONGITUD FIJA |
| Códigos de información de longitud fija |
170718s2016 sp a | |||| 001 0 spa d |
| 017 ## - NÚMERO DE COPYRIGHT O DE DEPÓSITO LEGAL |
| Número de copyright o de depósito legal |
M 34580-2016 |
| 020 ## - NÚMERO INTERNACIONAL NORMALIZADO PARA LIBROS |
| Número Internacional Normalizado para Libros (ISBN) |
9788491045489 |
| 040 ## - FUENTE DE LA CATALOGACIÓN |
| Centro catalogador de origen |
SpMaBN |
| Lengua de catalogación |
cat |
| Centro transcriptor |
CDMR |
| 245 00 - MENCIÓN DE TÍTULO |
| Título |
José Ortega Spottorno (1916-2016) |
| Resto del título |
: un editor, puente entre generaciones |
| Mención de responsabilidad, etc. |
edición a cargo de Mercedes Cabrera |
| 260 ## - PUBLICACIÓN, DISTRIBUCIÓN, ETC. (PIE DE IMPRENTA) |
| Lugar de publicación, distribución, etc. |
Madrid |
| Nombre del editor, distribuidor, etc. |
Alianza Editorial |
| Fecha de publicación, distribución, etc. |
2016 |
| 300 ## - DESCRIPCIÓN FÍSICA |
| Extensión |
374 p. |
| Otras características físicas |
il. col. y n. |
| Dimensiones |
22 cm |
| 500 ## - NOTA GENERAL |
| Nota general |
Índice |
| 504 ## - NOTA DE BIBLIOGRAFÍA, ETC |
| Nota de bibliografía, etc. |
Incluye referencias bibliográficas |
| 600 17 - PUNTO DE ACCESO ADICIONAL DE MATERIA - NOMBRE DE PERSONA |
| Nombre de persona |
Ortega Spottorno, José |
| Fechas asociadas al nombre |
1916-2002 |
| Fuente de encabezamiento o te&ecute,rmino |
embne |
| 700 1# - PUNTO DE ACCESO ADICIONAL - NOMBRE DE PERSONA |
| Nombre de persona |
Cabrera, Mercedes |
| Fechas asociadas al nombre |
1951- |
| 9 (RLIN) |
3858 |
| 942 ## - ENTRADA DE ELEMENTOS AGREGADOS (KOHA) |
| Koha [por defecto] tipo de item |
Monografies |